000 00655nam a2200265Ia 4500
005 20260121170033.0
008 008 260114s9999 xx 000 0 eng d
020 _a9783319240497
037 _aEBOOK
040 _aCRL
040 _beng
040 _cCRL
041 _2eng
041 _aeng
084 _qCRL
100 _aHenryk Czosnek, Murad Ghanim
_91059045
245 0 _aManagement of Insect Pests to Agriculture
260 _bSpringer
260 _bSpringer
260 _c2016
856 _uhttps://link.springer.com/openurl?genre=book&isbn=978-3-319-24049-7
942 _cEBOOK
999 _c1624774
_d1624774